1621 1556 1012 1779 1557 1347 1560 1278 1917 1272 1109 1988 1225 1343 1816 1541 1046 1259 1588 1983 1493 1574 1160 1741 1089 1932 1091 1380 1214 1470 1941 1467 1108 1045 1764 1843 1358 1309 1269 1595 1062 1556 1447 1470 1660 1691 1952 1587 1883 1758 1661 1903 1016 1537 1261 1643 1660 1477 1135 1767 1888 1395 1615 1900 1614 1143 1257 1293 1257 1559 1963 1842 1401 1728 1265 1332 1952 1992 1709 1063 1548 1596 1251 1078 1719 1026 1839 1302 1186 1777 1525 1604 1836 1042 1487 1867 1312 1841 1351 BCNSPRNW ULIB Ver.6.0+V

เปลี่ยนเป็นภาษาไทย

Change to English
 แสดงรายละเอียดบรรณานุกรม
  กลับหน้าหลัก

Brief Record : Get Marc (ISO 2709) : E-mail record : QR code < ปิดหน้าต่าง
LEADER : 00000nam 2200000uu 4500
001    13399127143
003     ULIB
008    191017s2020||||th 000 0 tha d
020    ^a9780323597289
060    ^aWY101^bY54C
100    ^aYoost, Barbara L. and Crawford, Lynne R.
245    ^aCLINICAL COMPANION FOR FUNDAMENTALS OF NURSIN G: ACTIVE LEARNING FOR COLLABORATIVE PRACTICE
250    ^a2nd ed
260    ^aLouis, Missouri :^bElsevier,^c2020
300    ^a388 pages;^b30 cm
650    ^aNursing^xPractice
945    ^p1070^l0^i006333
999    ^aประนอม เกษจรัล
รายการนี้ยังไม่มีแท็ก
คุณยังไม่ได้ล็อกอิน คุณสามารถมีกิจกรรมร่วมกับเว็บไซต์ได้ แต่ต้องล็อกอินก่อน ::
  ล็อกอิน

รายการสื่อสารสนเทศ

ลำดับที่ ประเภท เลขเรียก/บาร์โค้ด สถานที่ สถานะ
1. Book การพยาบาล
Book การพยาบาล
WY101 Y54C ฉ.1 
  Barcode: 006333
ห้องสมุดวิทยาเขตสวรรค์ประชารักษ์
►หนังสือทั่วไป
บนชั้น

รายการใกล้เคียง
    ผู้แต่ง [Yoost, Barbara L. and Crawford, Lynne R.]

    หัวเรื่อง [Nursing Practice]

BibComment


ยังไม่เคยถูกคอมเมนท์

คอมเมนท์ทรัพยากรรายการนี้
  คอมเมนท์: CLINICAL COMPANI..


 Copyright 2026. Bcnsprnw @Library